| 000 | 00000nam##2200000za#4500 |
| 001 | 9.572714 |
| 003 | CaOODSP |
| 005 | 20210624183342 |
| 007 | cr ||||||||||| |
| 008 | 150406|2006||||xxc|||||o f|0| 0 eng|d |
| 022 | |a1701-1280 |
| 040 | |aCaOODSP|beng |
| 043 | |an-cn--- |
| 086 | 1 |aFs70-4/2006-020E-PDF |
| 110 | 1 |aCanada. |bDepartment of Fisheries and Oceans. |
| 245 | 10|aScience and implementation considerations of mitigation techniques to reduce small cetacean bycatch in fisheries : |h[electronic resource]|bDecember 10th, 2005, Manchester Grand Hyatt San Diego, San Diego, California, USA / |c[by] Jack Lawson. |
| 246 | 3 |aConsidérations en matière de science et de mise en application des techniques d’atténuation visant à diminuer les prises accidentelles de petits cétacés dans les pêches |
| 260 | |aSt. John's - Newfoundland and Labrador : |bFisheries and Oceans Canada |cOctober 2006. |
| 300 | |a40p.|bfigs. (some coloured), graphs, references, tables |
| 490 | 1 |aCanadian Science Advisory Secretariat proceedings series|x1701-1280|v2006/020 |
| 546 | |aChiefly English, with bilingual foreword and summary. |
| 590 | |a11-32-Supp|b2011-12-20 |
| 720 | 1 |aLawson, Jack |
| 830 | #0|aProceedings series (Canadian Science Advisory Secretariat)|x1701-1280|v2006/020|w(CaOODSP)9.506483 |
| 856 | 40|ahttp://publications.gc.ca|qPDF|s2.60 MB|uhttps://publications.gc.ca/collections/collection_2011/mpo-dfo/Fs70-4-2006-020-eng.pdf|y2006/020 |